Sportarten mit "U" - Statistiken

Allgemein
  • Dieses Quiz wurde 14 mal gespielt
  • Das Durchschnittsergebnis liegt bei 2 aus 8
Antwortstatistiken
Art Sportart % Korrekt
Torspiel Unihockey
55%
Torspiel Unterwasserfußball
45%
Torspiel Unterwasserrugby
36%
Torspiel Unterwasserhockey
18%
Torspiel Ulama
0%
Torspiel Ultimate Frisbee
0%
Gelände & Erkundung Urban Exploration
0%
Radsport Urban Freeride
0%
Keine übereinstimmenden Quizze gefunden
Verteilung der Resultate
Anzahl Personen mit jedem Resultat
Perzentil nach korrekt beantworteten Fragen
Ihre Resultats-Entwicklung
Sie haben dieses Quiz noch nicht gespielt